| 000 | 00357 a2200169 4500 | ||
|---|---|---|---|
| 001 | 183037 | ||
| 020 | _a85-08-05777-6 | ||
| 040 | _cMagnum | ||
| 100 | _aSabino, Fernando | ||
| 240 | 1 | 0 |
_aO outro gume da faca _lpor |
| 245 | 1 | 0 | _aO outro gume da faca |
| 300 | _a103 | ||
| 362 | 0 | _a2003 | |
| 440 | 1 | _aÁtica | |
| 697 | _aLITERATURA GERAL | ||
| 942 | _cBK | ||
| 999 |
_c183037 _d183037 |
||